Countries Containing The Letter: J - Statistics

General Stats
  • This quiz has been taken 12 times
  • The average score is 6 of 7
Answer Stats
Answer % Correct
Jamaica
100%
Japan
92%
Djibouti
83%
Jordan
83%
Tajikistan
83%
Fiji
75%
Azerbaijan
67%
No matching quizzes found
Score Distribution
Percent of People with Each Score
Percentile by Number Answered
Your Score History
You have not taken this quiz